Manual de derecho de comercio electronico y de internet / (Registro nro. 11424)

Detalles MARC
000 -LEADER
fixed length control field 01089nam a2200289 4500
001 - CONTROL NUMBER
control field 0000023034
003 - CONTROL NUMBER IDENTIFIER
control field CO-CtgCURN
005 - DATE AND TIME OF LATEST TRANSACTION
control field 20250329191024.0
007 - PHYSICAL DESCRIPTION FIXED FIELD--GENERAL INFORMATION
fixed length control field ta
008 - FIXED-LENGTH DATA ELEMENTS--GENERAL INFORMATION
fixed length control field 160627s2006 000 0 eng d
020 ## - INTERNATIONAL STANDARD BOOK NUMBER
International Standard Book Number 9588225906
040 ## - CATALOGING SOURCE
Original cataloging agency CO-CtgCURN
Language of cataloging spa
Transcribing agency coctgcurn
082 0# - DEWEY DECIMAL CLASSIFICATION NUMBER
Classification number 343.0999
Item number R579m
100 1# - MAIN ENTRY--PERSONAL NAME
Personal name Rincon Cárdenas, Erick.
245 10 - TITLE STATEMENT
Title Manual de derecho de comercio electronico y de internet /
Statement of responsibility, etc. Erick Rincon Cárdenas.
260 ## - PUBLICATION, DISTRIBUTION, ETC.
Place of publication, distribution, etc. Bogotá :
Name of publisher, distributor, etc. Editorial Universidad del Rosario,
Date of publication, distribution, etc. 2006.
300 ## - PHYSICAL DESCRIPTION
Extent 178p.
336 ## - CONTENT TYPE
Source rdacontent
337 ## - MEDIA TYPE
Source rdamedia
Media type term sin mediacion
Media type code n
338 ## - CARRIER TYPE
Source rdacarrier
Carrier type term volumen
Carrier type code nc
504 ## - BIBLIOGRAPHY, ETC. NOTE
Bibliography, etc. note Bibliografia (p. 402-413)
505 8# - FORMATTED CONTENTS NOTE
Formatted contents note Comercio electronico y regulacion.--El documento electronico.--El comercio electronico en el contexto.--El negocio electronico.--La contratacion electronica.--La propiedaden los entornos electronicos
650 14 - SUBJECT ADDED ENTRY--TOPICAL TERM
Topical term or geographic name entry element Comercio electronico.
908 ## - PUT COMMAND PARAMETER (RLIN)
Put command parameter 160627
942 ## - ADDED ENTRY ELEMENTS (KOHA)
Koha item type Libros
Classification part 343.0999
Item part R579m
Source of classification or shelving scheme Dewey Decimal Classification
Existencias
Withdrawn status Lost status Source of classification or shelving scheme Damaged status Not for loan Collection Home library Current library Shelving location Date acquired Inventory number Total checkouts Full call number Barcode Date last seen Copy number Price effective from Koha item type Public note
    Dewey Decimal Classification     General Miguel Henríquez Castañeda Miguel Henríquez Castañeda General 03/29/2025 012449   343.0999 R579m 012449 03/29/2025 ej.1 03/29/2025 Libros 340-DEREC